00149nam a22000737a 4500003000400000245003800004260002500042300000800067SGT aJournal of Clinical Orthodontics  bJC Q INC.c2021-2022 a750